Statistics for Busiest Transatlantic Airlines

Click here to take the quiz!

General Stats

  • This quiz has been taken 447 times
  • The average score is 7 of 9

Answer Stats

PaxAirline% Correct
9.9 milBritish Airways
98%
9.4 milAmerican Airlines
97%
5.2 milAir France
94%
11.0 milDelta Air Lines
94%
8.2 milLufthansa
94%
9.9 milUnited Airlines
93%
6.8 milAir Canada
70%
4.6 milVirgin Atlantic
53%
3.1 milNorwegian Air Shuttle
34%

Score Distribution

Percentile by Number Answered

Percent of People with Each Score

Your Score History

You have not taken this quiz